Chaîne de mots "Spécial" #3 - Statistiques

Statistiques générales
  • Ce quiz a été pris 133 fois
  • Le résultat moyen est 13 sur 30
Statistiques - réponses
Hint Réponse % Correct
Être mère c'est donné _ _ _ _ _ _ _ _ _ à quelqu'un Naissance
91%
L'un de nos arrières, arrières et arrières dans une famille Ancêtre
86%
Pays de Cleveland, Honolulu, Fairbanks ou El Paso États-Unis
86%
Monument normand connu pour ses falaises Etretat
82%
Ils vivent sur les îles Hokkaido, Honshu, Shikoku et Kyushu en majorité Japonais
81%
Si tu en a un, dévoile le à cette personne que tu aime tant Sentiment
77%
Associent, fusionnent Unissent
73%
Anglais, espagnol, allemand, russe sont des matières..... Linguistiques
62%
J'irais faire des longueurs à la piscine, je ...... Nagerais
62%
Produit indispensable pour se les brosser Dentifrice
52%
A partir de 22h le soir, j'essaye de ne pas le déranger Voisinage
51%
Elle est assez différente de la notre suivant la ou l'on passe Mentalité
48%
Type de cépage blanc d'Alsace Riesling
47%
Habitants suisses pas loin de la Haute-Savoie Genevois
42%
Synonyme de sommiers Literies
42%
Jugement de condamnation à mort Sentence
36%
Parient tout leur argent dessus Misent
35%
A l'hôpital, on nous demande si on en a Antécédent
34%
Ensemble des centres nerveux du crâne Encéphale
29%
Faire en sorte que cette personne ne soit pas connue, on l'… Anonymise
28%
Île Grecque, Crête
25%
Spécialité Bourguignonne que l'on peut créée avec ce fruit à grappe Raisiné
21%
Seule condition pour que l'affaire en question soit faisable Sinequanon
19%
Pièces d'armure composée d'un corselet en fer battu Halecret
14%
Qui produit un son puissant Retentissant
12%
Par plaisanterie, lorsqu'on demande de quoi il s'agit Quesaco
11%
En physiologie, cela provoque la formation de points noirs sur la peau Comédogène
10%
Calibre servant a profiler les moulures Sacome
6%
Tourbillonnante Tournoyante
4%
Cithare orientale Santour
3%
Aucun quiz correspondant
Distribution des résultats
% des personnes avec chaque résultat
Percentile par nombre de réponses
Votre historique - résultats
Vous n’avez pas pris ce quiz